000 01925nam0a2200421 4500
001 RU\NLR\bibl\1335837
005 20260406162007.0
010 _a978-5-98846-027-5
_93000
021 _aRU
_b2008-104219
_96138
035 _a(NLR Aleph) 001321036
090 _a740043
_c740043
100 _a20090304d2008 |||y0rusy50 ca
101 1 _arus
_cgrc
102 _aRU
105 _ay |||||||||
200 1 _aКомментарий к "Пармениду" Платона
_fДамаский
_gизд. подгот., [пер. с древнегреч.] Л.Ю. Лукомский
210 _aСанкт-Петербург
_cМiръ
_d2008
215 _a749 с.
_d22
300 _aПарал. тит. л. на греч. яз.
320 _aУказ. собств. имен: с. 683-685
320 _aУказ. цитируемых произведений: 686-698
320 _aПредм. указ.: с. 699-713
320 _aБиблиогр.: с. 714-718
500 1 0 _6z45702
_aПарменид
600 0 _aПлатон
_f427 - 347 до н.э.
_xФилософские взгляды
_92137865
_3RU\NLR\auth\661288907
604 _1700#0$aПлатон$f427 - 347 до н.э.
_150010$a"Парменид"$2nlr_sh2$3RU\NLR\AUTH\661517411
_aПлатон (427 - 347 до н.э.)
_t"Парменид"
_92565597
_3RU\NLR\AUTH\661517411
606 1 _aФилософия греческая
_z6 в.
_92565032
_3RU\NLR\auth\661517098
686 _aЮ3(0)321-215
686 _aЮ3(0)323-245
686 _aШ5(0)333-4Платон
700 0 _4070
_8rus
_7ca
_aДамаский
_fок.458-ок.538
_3RU\NLR\AUTH\7710396
_9120173
702 0 _4570
_8rus
_7ca
_aПлатон
_f427-347 до н.э.
_3RU\NLR\auth\779049
_9118917
702 1 _aЛукомский
_bЛ. Ю.
_gЛеонид Юрьевич
_4730
801 0 _aRU
_bNLR
_c20090304
_gRCR
801 1 _aRU
_bNLR
_c20090304
942 _cBOOK
980 _aNB